Detalles MARC
| 000 -CABECERA |
| Longitud fija campo de control |
01215nas a2200373 c 4500 |
| 001 - NÚMERO DE CONTROL |
| Número de control |
46201 |
| 003 - IDENTIFICADOR DE NÚMERO DE CONTROL |
| Identificador del número de control |
ES-MaCES |
| 005 - FECHA Y HORA DE LA ÚLTIMA TRANSACCIÓN |
| Fecha y hora de la última transacción |
20250331105157.0 |
| 006 - ELEMENTOS DE LONGIUTUD FIJA--CARACTERÍSTICAS ADICIONALES DE TIPO DE MATERIAL--INFORMACION GENERAL |
| Códigos de información de longitud fija - Características del material adicional |
aqr|p|r|||| 00| || |
| 007 - PHYSICAL DESCRIPTION FIXED FIELD--GENERAL INFORMAT |
| Campo fijo de descripción física |
cr ||||||||||| |
| 008 - CAMPO FIJO DE DESCRIPCIÓN FIJA--INFORMACIÓN GENERAL |
| Códigos de información de longitud fija |
150811c2014 sp qr|p|||||| 0|||b|spa d |
| 017 ## - NÚMERO DE REGISTRO DE DERECHOS DE AUTOR Y DEPÓSITO LEGAL |
| Número de copyright o de depósito legal |
MU 1085-2014 |
| 022 ## - ISSN (INTERNATIONAL STANDARD SERIAL NUMBER) |
| Número Internacional Normalizado para Publicaciones Seriadas |
2386-7191 |
| 040 ## - FUENTE DE CATALOGACIÓN |
| Centro catalogador de origen |
ES-MaCES |
| Lengua de catalogación |
spa |
| Centro transcriptor |
ES-MaCES |
| Centro modificado |
ES-MaCES |
| 041 0# - CÓDIGO DE IDIOMA |
| Código de lengua del texto;banda sonora o título independiente |
spa |
| 245 00 - MENCIÓN DE TÍTULO |
| Título |
Revista de Derecho de la Seguridad Social |
| 260 ## - PUBLICACIÓN, DISTRIBUCIÓN, ETC (PIE DE IMPRENTA) |
| Lugar de publicación, distribución, etc. |
Murcia |
| Nombre del editor, distribuidor, etc. |
Laborum |
| Fecha de publicación, distribución, etc. |
2014- |
| 300 ## - DESCRIPCIÓN FÍSICA |
| Extensión |
v. |
| Dimensiones |
24 cm |
| 310 ## - PERIODICIDAD ACTUAL DE LA PUBLICACIÓN |
| Periodicidad actual |
Trimestral |
| 500 ## - NOTA GENERAL |
| Nota general |
Descripción basada en: n. 2 (1er. trim. 2015) |
| 530 ## - NOTA DE FORMATOS FÍSICOS ADICCIONALES DISPONIBLES |
| Nota de formato físico adicional disponible |
Disponible ed. electrónica |
| 541 ## - NOTA DE LA FUENTE INMEDIANTE DE ADQUISICIÓN |
| Forma de adquisición |
Compra |
| 650 #4 - ASIENTO SECUNDARIO DE MATERIA--TÉRMINO DE MATERIA |
| 9 (RLIN) |
29076 |
| Término de materia o nombre geográfico como elemento inicial |
protección social |
| 650 #4 - ASIENTO SECUNDARIO DE MATERIA--TÉRMINO DE MATERIA |
| 9 (RLIN) |
27034 |
| Término de materia o nombre geográfico como elemento inicial |
seguridad social |
| 650 #4 - ASIENTO SECUNDARIO DE MATERIA--TÉRMINO DE MATERIA |
| 9 (RLIN) |
30264 |
| Término de materia o nombre geográfico como elemento inicial |
administración de la seguridad social |
| 650 #4 - ASIENTO SECUNDARIO DE MATERIA--TÉRMINO DE MATERIA |
| 9 (RLIN) |
30265 |
| Término de materia o nombre geográfico como elemento inicial |
financiación de la seguridad social |
| 650 #4 - ASIENTO SECUNDARIO DE MATERIA--TÉRMINO DE MATERIA |
| 9 (RLIN) |
29855 |
| Término de materia o nombre geográfico como elemento inicial |
legislación de seguridad social |
| 653 10 - TÉRMINO DE INDEXACIÓN--NO CONTROLADO |
| Término no controlado |
Seguridad Social |
| 856 40 - ACCESO ELECTRÓNICO |
| Identificador Uniforme del Recurso (URI) |
https://revista.laborum.es/index.php/revsegsoc/issue/archive |
| Texto del enlace |
texto completo desde n. 1 (2014) |
| 866 #0 - FUENTES TEXTUALES--UNIDAD BIBLIOGRÁFICA BÁSICA |
| Holdings textuales |
2015- |
| Nota pública |
Ubicación: DEPÓSITO - 55/1132 |
| -- |
Ubicación: SALA - REV.-3.0.-2 |
| 905 ## - CES. DATOS REVISTA |
| Formato |
P |
| Kardex |
SÍ |
| Proceso |
A |
| 942 ## - ELEMENTOS KOHA |
| Fuente de clasificaión o esquema |
Clasificación propia del CES |
| Koha [por defecto] tipo de item |
Periódicas |
| Parte de clasificación |
Seguridad social |